| 000 | 00765nam a2200265Ia 4500 | ||
|---|---|---|---|
| 003 | OSt | ||
| 005 | 20220918224954.0 | ||
| 006 | a|||||r|||| 00| 0 | ||
| 007 | ta | ||
| 008 | 220917b |||||||| |||| 00| 0 eng d | ||
| 024 | _a235,668 | ||
| 037 | _cTextual | ||
| 040 |
_aARTS _cARTS _beng |
||
| 041 |
_2eng _aeng |
||
| 082 | _aa12,231,2, N0 | ||
| 100 |
_aHikosaka Shu Ed. _9149272 |
||
| 245 | 0 | _aDescriptive catalogue of palm-leaf manuscripts in Tamil | |
| 260 |
_aMadras _bInstitute of Asian Studies India _c1990 |
||
| 300 |
_axxxv,447p. _ccm. |
||
| 490 | _vPart 1 | ||
| 650 | _aBIBLIOGRAPHY | ||
| 700 |
_a Samuel G.John Ed. _9142443 |
||
| 942 |
_ha12,231,2, N0 _cTEXL _2CC |
||
| 999 |
_c282851 _d282851 |
||